[Event "39th Olympiad Women"]
[Site "Khanty-Mansiysk RUS"]
[Date "2010.09.27"]
[Round "6"]
[White "Hazim, Elizabeth"]
[Black "Elshereif, Mada"]
[Result "1-0"]
[WhiteElo "1858"]
[BlackElo "1766"]
[Board "44.3"]
[WhiteTeam "DOM"]
[BlackTeam "YEM"]
[WhiteFideId "6400183"]
[BlackFideId "9400125"]
[EventDate "2010.09.21"]
[EventType "team"]

1. e4 d5 2. exd5 Nf6 3. Nf3 Nxd5 4. d4 g6 5. c4 Nb6 6. Nc3 Bg7 7. c5 Nd5 8. Bc4
c6 9. Qb3 e6 10. O-O O-O 11. Bg5 Qc7 12. Rfe1 b5 13. Bd3 Nxc3 14. bxc3 a6 15. g3
e5 16. dxe5 Bg4 17. Be4 Bxf3 18. Bxf3 Bxe5 19. Rad1 Kg7 20. Bg4 h6 21. Be3 f5
22. Bh3 f4 23. Bd4 Bxd4 24. Rxd4 fxg3 25. hxg3 Qf7 26. Qc2 Ra7 27. Rd6 Re8 28.
Rxe8 Qxe8 29. Qd2 Qe5 30. Qd3 Qh5 31. Bg2 Qg5 32. Be4 Qe5 33. Rxg6+ Kf7 34. Rxh6
Kg8 35. Qd8+ 1-0

[Event "39th Olympiad Women"]
[Site "Khanty-Mansiysk RUS"]
[Date "2010.09.27"]
[Round "6"]
[White "Gameel, Amal"]
[Black "Munoz, Doribel"]
[Result "0-1"]
[WhiteTitle "WFM"]
[WhiteElo "1784"]
[BlackElo "1931"]
[Board "44.4"]
[WhiteTeam "YEM"]
[BlackTeam "DOM"]
[WhiteFideId "9400150"]
[BlackFideId "6400574"]
[EventDate "2010.09.21"]
[EventType "team"]

1. e4 e5 2. Nf3 Nc6 3. Nc3 Bc5 4. Nxe5 Nxe5 5. d4 Bd6 6. dxe5 Bxe5 7. Bd2 Nf6 8.
Bd3 O-O 9. O-O d5 10. exd5 Bxh2+ 11. Kxh2 Ng4+ 12. Kg1 Qd6 13. f4 Qb6+ 14. Be3
Qxe3+ 15. Kh1 Qg3 0-1

[Event "39th Olympiad Women"]
[Site "Khanty-Mansiysk RUS"]
[Date "2010.09.27"]
[Round "6"]
[White "Roos, Ezet"]
[Black "Amadasun, Rosemary"]
[Result "1/2-1/2"]
[WhiteTitle "WFM"]
[WhiteElo "1817"]
[BlackElo "1900"]
[Board "46.4"]
[WhiteTeam "RSA"]
[BlackTeam "NGR"]
[WhiteFideId "14300729"]
[BlackFideId "8500983"]
[EventDate "2010.09.21"]
[EventType "team"]

1. e4 e5 2. Nf3 Nc6 3. Bb5 Bc5 4. O-O d6 5. d4 exd4 6. Bxc6+ bxc6 7. Nxd4 Ne7 8.
a4 a5 9. Nb3 Bb6 10. Re1 O-O 11. c4 Be6 12. Na3 Ng6 13. Be3 Ne5 14. Qc2 Qf6 15.
f3 h5 16. Bxb6 cxb6 17. Nd4 Rad8 18. Rad1 g6 19. Qc3 Kg7 20. b3 h4 21. Nxe6+
fxe6 22. h3 g5 23. Qe3 c5 24. Nb5 Nf7 25. Nxd6 Qe5 26. Nxf7 Kxf7 27. Rd3 Rd4 28.
Red1 Rfd8 29. Kh1 Kf6 30. Kg1 Qd6 31. Rxd4 cxd4 32. Qd3 e5 33. Kf2 Kg6 34. Rd2
Qf6 35. Rc2 Rc8 36. Qd2 Qe7 37. Ke2 Qa3 38. Qd3 Qb4 39. Rb2 Qa3 40. Rc2 Qb4 41.
Kf2 Rc5 42. g3 hxg3+ 43. Kxg3 Qe1+ 44. Rf2 Rc6 45. Qd2 Qxd2 46. Rxd2 Kh5 47. Rd3
Rd6 48. Kf2 Kh4 49. Kg2 Rf6 50. Rd1 Rf7 51. Kf2 Rd7 52. Kg2 Rd6 53. Kf2 Rd7 54.
Rg1 Rd6 1/2-1/2

[Event "39th Olympiad Women"]
[Site "Khanty-Mansiysk RUS"]
[Date "2010.09.27"]
[Round "6"]
[White "Al-Khelaifi, Salama"]
[Black "Baklanova, Tatiana"]
[Result "0-1"]
[WhiteTitle "WFM"]
[BlackTitle "WIM"]
[WhiteElo "1736"]
[BlackElo "2247"]
[Board "47.1"]
[WhiteTeam "QAT"]
[BlackTeam "ISCA"]
[WhiteFideId "12100048"]
[BlackFideId "14100754"]
[EventDate "2010.09.21"]
[EventType "team"]

1. d4 d5 2. Nc3 Nf6 3. Bg5 Nbd7 4. Qd3 h6 5. Bh4 c6 6. e4 Qa5 7. e5 Ne4 8. Ne2
Nb6 9. f3 Nxc3 10. Nxc3 Na4 11. Rb1 Nxc3 12. bxc3 Qxa2 13. Rd1 g6 14. Qd2 Bf5
15. Bd3 Bxd3 16. Qxd3 Qc4 17. Qe3 g5 18. Bg3 e6 19. Rd3 a5 20. O-O a4 21. f4 Be7
22. f5 a3 23. fxe6 fxe6 24. Qf3 a2 25. Rdd1 Rf8 26. Qh5+ Kd7 27. Rxf8 a1=Q 28.
Rxa8 Qxa8 29. Qf3 Qaa2 30. Rc1 Qb2 0-1

[Event "39th Olympiad Women"]
[Site "Khanty-Mansiysk RUS"]
[Date "2010.09.27"]
[Round "6"]
[White "Ryvova, Anna"]
[Black "Al-khelaifi, Aisha"]
[Result "1-0"]
[WhiteTitle "WFM"]
[WhiteElo "1981"]
[BlackElo "1635"]
[Board "47.2"]
[WhiteTeam "ISCA"]
[BlackTeam "QAT"]
[WhiteFideId "309931"]
[BlackFideId "12100625"]
[EventDate "2010.09.21"]
[EventType "team"]

1. e4 e5 2. Nf3 Nf6 3. Nxe5 d6 4. Nf3 Nxe4 5. d4 d5 6. Bd3 Bd6 7. O-O O-O 8. c4
c6 9. h3 Bf5 10. Nc3 Nxc3 11. bxc3 Bxd3 12. Qxd3 Nd7 13. cxd5 cxd5 14. Qf5 Nb6
15. Qg4 Qf6 16. Re1 Rac8 17. Bg5 Qg6 18. Nh4 Qd3 19. Bh6 g6 20. Bxf8 Bxf8 21.
Re3 Qb5 22. Rae1 Qc6 23. Nf5 Nc4 24. Ne7+ Bxe7 25. Rxe7 Rd8 26. Qf4 Nd6 27. Qf6
Rf8 28. R1e6 1-0

[Event "39th Olympiad Women"]
[Site "Khanty-Mansiysk RUS"]
[Date "2010.09.27"]
[Round "6"]
[White "Safar, Reem"]
[Black "Gerasimova, Olga"]
[Result "0-1"]
[WhiteTitle "WFM"]
[BlackTitle "WIM"]
[WhiteElo "1702"]
[BlackElo "2218"]
[Board "47.3"]
[WhiteTeam "QAT"]
[BlackTeam "ISCA"]
[WhiteFideId "12100269"]
[BlackFideId "24109622"]
[EventDate "2010.09.21"]
[EventType "team"]

1. d4 d5 2. c4 c6 3. Nc3 e6 4. e3 Nf6 5. Bd3 dxc4 6. Bxc4 b5 7. Bd3 a6 8. Nf3
Nbd7 9. O-O c5 10. dxc5 Nxc5 11. Bc2 Bb7 12. a3 Qc7 13. Qe2 Rc8 14. Bd2 Be7 15.
Rac1 Qb8 16. b4 Ncd7 17. Bb3 O-O 18. Rfd1 Nb6 19. e4 Nc4 20. a4 Nxd2 21. Nxd2
Bxb4 22. Ncb1 Bc6 23. axb5 Bxb5 24. Bc4 Bxc4 25. Nxc4 Qb5 26. e5 Nd5 27. Qg4
Rfd8 28. Rd3 Ne7 29. Rb3 Ng6 30. Rg3 Qxe5 31. Rf1 Qd4 32. Qxd4 Rxd4 0-1

[Event "39th Olympiad Women"]
[Site "Khanty-Mansiysk RUS"]
[Date "2010.09.27"]
[Round "6"]
[White "Corbin, Rashida"]
[Black "Taweesupmun, Chanida"]
[Result "0-1"]
[WhiteElo "1718"]
[BlackElo "1904"]
[Board "52.1"]
[WhiteTeam "BAR"]
[BlackTeam "THA"]
[WhiteFideId "11101571"]
[BlackFideId "6200117"]
[EventDate "2010.09.21"]
[EventType "team"]

1. e4 e5 2. Nf3 Nc6 3. Bc4 Bc5 4. d3 Nf6 5. Bg5 h6 6. Bh4 d6 7. a3 Bg4 8. h3 Bh5
9. g4 g5 10. gxh5 gxh4 11. Nxh4 Nxe4 12. Bxf7+ Kxf7 13. Qf3+ Nf6 14. c3 e4 15.
Qf5 Rg8 16. Qe6+ Kxe6 17. d4 Nxd4 0-1

[Event "39th Olympiad Women"]
[Site "Khanty-Mansiysk RUS"]
[Date "2010.09.27"]
[Round "6"]
[White "Mohammed Qane,Jannar Worya"]
[Black "Rocha, Valquiria"]
[Result "1-0"]
[WhiteTitle "WFM"]
[WhiteElo "1906"]
[BlackElo "1799"]
[Board "53.2"]
[WhiteTeam "IRQ"]
[BlackTeam "ANG"]
[WhiteFideId "4802144"]
[BlackFideId "10100466"]
[EventDate "2010.09.21"]
[EventType "team"]

1. d4 d5 2. c4 e6 3. Nc3 Nf6 4. Nf3 Nbd7 5. e3 Be7 6. Bd3 dxc4 7. Bxc4 Nb6 8.
Bd3 O-O 9. O-O c5 10. dxc5 Bxc5 11. Qc2 h6 12. Rd1 Qc7 13. Nb5 Qe7 14. b3 e5 15.
Be2 a6 16. Nc3 e4 17. Nd2 Re8 18. Ndxe4 Nxe4 19. Nxe4 Bb4 20. Ng3 Qh4 21. Bb2
Be6 22. Qc7 Nd5 23. Qe5 f6 24. Qd4 Qxd4 25. Bxd4 Nc3 26. Bxc3 Bxc3 27. Rac1 Rac8
28. Bf3 Re7 29. Ne4 Bb4 30. Rxc8+ Bxc8 31. Rd8+ Kh7 32. Rxc8 b6 33. Rc6 b5 34.
Rxa6 Rc7 35. g4 Rc2 36. Ra7 1-0

[Event "39th Olympiad Women"]
[Site "Khanty-Mansiysk RUS"]
[Date "2010.09.27"]
[Round "6"]
[White "Conceicao Venancio, Maria"]
[Black "Jwan, Jamal Mohammed Ameen"]
[Result "0-1"]
[BlackTitle "WCM"]
[WhiteElo "1931"]
[BlackElo "1849"]
[Board "53.3"]
[WhiteTeam "ANG"]
[BlackTeam "IRQ"]
[WhiteFideId "10100300"]
[BlackFideId "4803000"]
[EventDate "2010.09.21"]
[EventType "team"]

1. d4 d5 2. c4 e6 3. Nc3 Nf6 4. Nf3 Nbd7 5. Bg5 Be7 6. e3 O-O 7. cxd5 Nxd5 8.
Bxe7 Qxe7 9. Bc4 Nxc3 10. bxc3 b6 11. O-O Bb7 12. Re1 Nf6 13. Bd3 Ne4 14. Qc2 f5
15. Nd2 Nxd2 16. Qxd2 Qg5 17. Bf1 Rf6 18. g3 Bf3 19. Bg2 Qg4 20. Bxf3 Qxf3 21.
Qe2 Qxe2 22. Rxe2 Rd8 23. Rb1 Rd5 24. c4 Rd7 25. Rc2 Rff7 26. c5 Rfe7 27. cxb6
cxb6 28. Rc8+ Kf7 29. Rbc1 Re8 30. Kf1 Rxc8 31. Rxc8 Ke7 32. Ke2 Kd6 33. Kd3 Kd5
34. a4 e5 35. f3 exd4 36. exd4 g6 37. f4 Kd6 38. Kc4 Rc7+ 39. Rxc7 Kxc7 40. Kd5
a6 41. h3 Kd7 42. g4 fxg4 43. hxg4 h5 44. gxh5 gxh5 45. Ke4 h4 46. Kf3 b5 47.
axb5 axb5 48. f5 b4 49. f6 Ke6 50. d5+ Kxf6 0-1

[Event "39th Olympiad Women"]
[Site "Khanty-Mansiysk RUS"]
[Date "2010.09.27"]
[Round "6"]
[White "Kareen, Jalaluldeen"]
[Black "Reis, Fatima"]
[Result "0-1"]
[WhiteTitle "WCM"]
[WhiteElo "1790"]
[BlackElo "1846"]
[Board "53.4"]
[WhiteTeam "IRQ"]
[BlackTeam "ANG"]
[WhiteFideId "4801776"]
[BlackFideId "10100423"]
[EventDate "2010.09.21"]
[EventType "team"]

1. d4 d5 2. c4 e6 3. Nc3 Bb4 4. Qb3 Bxc3+ 5. Qxc3 Nf6 6. Bg5 Nbd7 7. Nf3 h6 8.
Bh4 g5 9. Bg3 Ne4 10. Qb3 Nxg3 11. hxg3 c6 12. g4 Qa5+ 13. Kd1 Nf6 14. Nxg5 dxc4
15. Qe3 Nxg4 16. Qf4 Nxf2+ 17. Qxf2 Qxg5 18. e3 b5 19. Qf3 Bb7 20. a4 Qd5 21.
Qf6 Rh7 22. Rxh6 Rxh6 23. Qxh6 a6 24. Qg7 Qf5 25. Be2 O-O-O 26. Kd2 Qg6 27. Qxg6
fxg6 28. Bg4 Kd7 29. Rh1 Re8 30. Rh6 Kd6 31. Rxg6 bxa4 32. Kc3 c5 33. Kxc4 cxd4
34. exd4 Bxg2 35. Kb4 Bc6 36. Be2 Rb8+ 37. Kc3 Rb3+ 38. Kd2 Rxb2+ 39. Ke3 Bb5
40. Bd1 a3 0-1

[Event "39th Olympiad Women"]
[Site "Khanty-Mansiysk RUS"]
[Date "2010.09.27"]
[Round "6"]
[White "Byun, Sungwon"]
[Black "Soondarsingh, Aditi"]
[Result "1/2-1/2"]
[WhiteTitle "WCM"]
[WhiteElo "1615"]
[BlackElo "1829"]
[Board "57.1"]
[WhiteTeam "KOR"]
[BlackTeam "TRI"]
[WhiteFideId "13200852"]
[BlackFideId "7700598"]
[EventDate "2010.09.21"]
[EventType "team"]

1. e4 c5 2. Nf3 Nc6 3. d4 cxd4 4. Nxd4 g6 5. Nc3 Bg7 6. Nf3 Nf6 7. Bc4 O-O 8.
Bf4 d6 9. Qd2 Bd7 10. O-O Rc8 11. a3 Nh5 12. Be3 Ne5 13. Nxe5 Bxe5 14. Bd5 b6
15. Rab1 Nf6 16. Bd4 Bxd4 17. Qxd4 Bc6 18. Bxc6 Rxc6 19. Rbd1 Qc7 20. f4 Rc4 21.
Qd3 Qc5+ 22. Kh1 Ng4 23. Rc1 Rc8 24. Qf3 Nf6 25. Rce1 Qh5 26. Qxh5 Nxh5 27. Nd5
Kf8 28. c3 e6 29. Nb4 Nf6 30. e5 dxe5 31. fxe5 Nd7 32. Rf2 Rd8 33. Nd3 Nc5 34.
Nxc5 Rxc5 35. h3 Rcd5 36. Kh2 Rd2 37. Ref1 Rxf2 38. Rxf2 Rd5 39. Re2 Ke7 40. Kg3
a5 41. Kf4 h6 42. h4 Kd7 43. Kg4 b5 1/2-1/2

[Event "39th Olympiad Women"]
[Site "Khanty-Mansiysk RUS"]
[Date "2010.09.27"]
[Round "6"]
[White "Smith, Javanna"]
[Black "Kim, Taegyeong"]
[Result "1/2-1/2"]
[WhiteTitle "WCM"]
[WhiteElo "1796"]
[BlackElo "1508"]
[Board "57.2"]
[WhiteTeam "TRI"]
[BlackTeam "KOR"]
[WhiteFideId "7700466"]
[BlackFideId "13200976"]
[EventDate "2010.09.21"]
[EventType "team"]

1. e4 c5 2. Nf3 Nc6 3. d4 cxd4 4. Nxd4 g6 5. Nc3 Bg7 6. Be3 Nf6 7. f3 O-O 8. Qd2
d5 9. exd5 Nxd5 10. Nxd5 Qxd5 11. Nxc6 Qxc6 12. O-O-O Be6 13. Kb1 Qa4 14. a3 a5
15. Bh6 b5 16. Bxg7 Kxg7 17. Qd4+ Qxd4 18. Rxd4 Rfb8 19. Bd3 b4 20. axb4 Rxb4
21. Rxb4 axb4 22. b3 Rd8 23. Re1 Kf8 24. Re4 Rb8 25. Kc1 Bf5 26. Rd4 Bxd3 27.
Rxd3 f5 28. g4 fxg4 29. fxg4 Kf7 30. Kd2 Kf6 31. Rd7 Rb5 32. h4 h5 33. g5+ Ke6
34. Rd4 Kf5 35. Ke3 e5 36. Re4 Rb6 37. Kf3 Rb7 38. Rc4 Rb5 1/2-1/2

[Event "39th Olympiad Women"]
[Site "Khanty-Mansiysk RUS"]
[Date "2010.09.28"]
[Round "7"]
[White "Kosintseva, Tatiana"]
[Black "Hoang Thanh Trang"]
[Result "1-0"]
[WhiteTitle "GM"]
[BlackTitle "GM"]
[WhiteElo "2573"]
[BlackElo "2482"]
[Board "1.1"]
[WhiteTeam "RUS1"]
[BlackTeam "HUN"]
[WhiteFideId "4133471"]
[BlackFideId "12400149"]
[EventDate "2010.09.21"]
[EventType "team"]

1. e4 e6 2. d4 d5 3. Nc3 Nf6 4. e5 Nfd7 5. f4 c5 6. Nf3 Nc6 7. Be3 Be7 8. Qd2
O-O 9. Be2 a6 10. O-O b5 11. a3 Qb6 12. Nd1 Bb7 13. c3 Na5 14. Qe1 Nb3 15. Rb1
f5 16. exf6 Nxf6 17. Nf2 a5 18. Bd1 c4 19. Bc2 b4 20. axb4 axb4 21. cxb4 Bxb4
22. Qd1 Bc6 23. Ne5 Ba4 24. g4 Bd6 25. Nf3 Qc7 26. Ne5 Qa7 27. g5 Bxe5 28. fxe5
Nd7 29. Qh5 g6 30. Bxg6 Nxe5 31. dxe5 d4 32. Ne4 dxe3 33. Nf6+ Rxf6 34. gxf6 e2+
35. Rf2 hxg6 36. Qxg6+ Kh8 37. Qh6+ Qh7 38. Qxh7+ Kxh7 39. Rxe2 Bc6 40. Kf2 Rg8
41. Rg1 Rxg1 42. Kxg1 Kg6 43. h4 Nd4 44. h5+ Kf7 45. Re3 Nf5 46. Ra3 Nh6 47.
Ra7+ Kg8 48. Rg7+ Kf8 49. Rc7 Bd5 50. Rc8+ Kf7 51. Rh8 Ng4 52. h6 Nxe5 53. h7
Kg6 54. f7 Nxf7 55. Rf8 Kxh7 56. Rxf7+ Kg6 57. Rf8 Be4 58. Kf2 Kg7 59. Rc8 Bd3
60. Ke3 Bf1 61. Kd4 Kf7 62. Ke5 Ke7 63. Rc6 Kd7 64. Rxe6 Kc7 65. Kd4 Kb7 66. Re1
Bd3 67. b3 Kc6 68. bxc4 Bf5 69. Rf1 Bh3 70. Rf6+ Kd7 71. Kc5 1-0

[Event "39th Olympiad Women"]
[Site "Khanty-Mansiysk RUS"]
[Date "2010.09.28"]
[Round "7"]
[White "Madl, Ildiko"]
[Black "Kosintseva, Nadezhda"]
[Result "0-1"]
[WhiteTitle "IM"]
[BlackTitle "IM"]
[WhiteElo "2397"]
[BlackElo "2565"]
[Board "1.2"]
[WhiteTeam "HUN"]
[BlackTeam "RUS1"]
[WhiteFideId "700550"]
[BlackFideId "4134974"]
[EventDate "2010.09.21"]
[EventType "team"]

1. e4 e5 2. Nf3 Nc6 3. Bb5 a6 4. Bxc6 dxc6 5. O-O Bd6 6. d4 exd4 7. Qxd4 f6 8.
Be3 Ne7 9. Nbd2 Be6 10. Qc3 Ng6 11. Nc4 Bxc4 12. Qxc4 Qe7 13. Rae1 O-O-O 14. Bc1
Rhe8 15. c3 c5 16. Kh1 Kb8 17. a4 Qd7 18. Re2 Qc6 19. Rfe1 Re7 20. b3 Bf4 21.
Ba3 Bd6 22. Re3 Rde8 23. Kg1 Ne5 24. Nxe5 Rxe5 25. Qe2 R5e6 26. g3 g6 27. Qc2
Bf8 28. c4 Bd6 29. f4 g5 30. f5 R6e7 31. Bb2 Be5 32. Bxe5 Rxe5 33. Qd3 R8e7 34.
Rd1 Ka7 35. Kf2 Rxe4 36. Rxe4 Rxe4 37. Qd5 Qxd5 38. Rxd5 Rd4 39. Rxd4 cxd4 40.
c5 a5 41. Ke2 b6 42. c6 b5 43. Kd3 bxa4 44. bxa4 Kb6 45. Kxd4 Kxc6 46. Kc4 g4 0-1

[Event "39th Olympiad Women"]
[Site "Khanty-Mansiysk RUS"]
[Date "2010.09.28"]
[Round "7"]
[White "Hou, Yifan"]
[Black "Dzagnidze, Nana"]
[Result "1/2-1/2"]
[WhiteTitle "GM"]
[BlackTitle "GM"]
[WhiteElo "2578"]
[BlackElo "2534"]
[Board "2.1"]
[WhiteTeam "CHN"]
[BlackTeam "GEO"]
[WhiteFideId "8602980"]
[BlackFideId "13601903"]
[EventDate "2010.09.21"]
[EventType "team"]

1. e4 c5 2. Nf3 d6 3. d4 cxd4 4. Nxd4 Nf6 5. Nc3 a6 6. a4 Nc6 7. f4 Bd7 8. Nf3
g6 9. Bd3 Bg7 10. O-O O-O 11. Qe1 Rc8 12. Kh1 Nb4 13. Qh4 b5 14. axb5 Bxb5 15.
Nxb5 axb5 16. Bd2 Nxd3 17. cxd3 Rc2 18. b4 e6 19. Rad1 Nd7 20. Qh3 d5 21. exd5
exd5 22. f5 Bf6 23. fxg6 hxg6 24. Be3 Re8 25. Bd4 Kg7 26. Bxf6+ Nxf6 27. Nd4 Rb2
28. Qg3 Qb6 29. Nf5+ Kg8 30. Nh6+ Kg7 31. Nf5+ Kg8 32. Nh6+ Kg7 1/2-1/2

[Event "39th Olympiad Women"]
[Site "Khanty-Mansiysk RUS"]
[Date "2010.09.28"]
[Round "7"]
[White "Javakhishvili, Lela"]
[Black "Ju, Wenjun"]
[Result "1/2-1/2"]
[WhiteTitle "IM"]
[BlackTitle "WGM"]
[WhiteElo "2451"]
[BlackElo "2516"]
[Board "2.2"]
[WhiteTeam "GEO"]
[BlackTeam "CHN"]
[WhiteFideId "13601458"]
[BlackFideId "8603006"]
[EventDate "2010.09.21"]
[EventType "team"]

1. d4 Nf6 2. Nf3 g6 3. Nbd2 d5 4. e3 Bg7 5. b4 O-O 6. Bb2 Bf5 7. c4 c6 8. a4
Nbd7 9. Be2 Ne4 10. O-O Nxd2 11. Qxd2 Bg4 12. cxd5 cxd5 13. a5 Nf6 14. b5 Ne4
15. Qd3 Nd6 16. Qb3 Rc8 17. h3 Bxf3 18. Bxf3 Nc4 19. Bc3 Qd7 20. Be2 Rc7 21. b6
axb6 22. axb6 Rc6 23. Bxc4 Rxc4 24. Bb4 Rfc8 25. Ra5 e6 26. Rc5 Bf8 27. Rxc8
Qxc8 28. Bxf8 Qxf8 29. Rb1 Qa8 30. Qb2 Qa4 31. Qb3 Qxb3 32. Rxb3 Kf8 33. g4 g5
34. Kg2 Ke7 35. Kg3 Kd6 36. h4 h6 37. Rb1 f6 38. hxg5 hxg5 39. Rh1 Rb4 40. Rh6
Rxb6 41. Rxf6 Rb1 42. Rg6 b5 43. Rxg5 b4 44. Rg8 Kc7 45. Rg7+ Kc6 46. Rg8 Kc7
47. Rg7+ Kc6 48. Rg8 1/2-1/2

[Event "39th Olympiad Women"]
[Site "Khanty-Mansiysk RUS"]
[Date "2010.09.28"]
[Round "7"]
[White "Khukhashvili, Sopiko"]
[Black "Wang, Yu A."]
[Result "1-0"]
[WhiteTitle "IM"]
[BlackTitle "IM"]
[WhiteElo "2422"]
[BlackElo "2394"]
[Board "2.4"]
[WhiteTeam "GEO"]
[BlackTeam "CHN"]
[WhiteFideId "13602055"]
[BlackFideId "8601097"]
[EventDate "2010.09.21"]
[EventType "team"]

1. e4 e5 2. Nf3 Nc6 3. Bb5 a6 4. Ba4 Nf6 5. O-O Be7 6. Re1 b5 7. Bb3 d6 8. c3
O-O 9. d4 Bg4 10. Be3 exd4 11. cxd4 d5 12. e5 Ne4 13. Nc3 Bb4 14. Bc2 Bxc3 15.
bxc3 f5 16. Qc1 Qe8 17. Bb3 Ne7 18. h3 Bh5 19. Ng5 Nxg5 20. Bxg5 c6 21. Qa3 Ng6
22. g3 h6 23. Bf4 Nxf4 24. gxf4 Bf3 25. Kh2 Qh5 26. Re3 g5 27. Rg1 Kh8 28. Qd6
Rad8 29. Qxc6 Rc8 30. Qxa6 Ra8 31. Qxb5 gxf4 32. Rxf3 Qxf3 33. Bxd5 Qxf2+ 34.
Rg2 Qe3 35. Qe2 Ra3 36. Bb3 Ra7 37. e6 Rg7 38. Qxe3 fxe3 39. Rxg7 Kxg7 40. Kg3
Kf6 41. Kf3 Rc8 42. d5 Ke7 43. c4 f4 44. a4 Kd6 45. a5 Ra8 46. Bd1 Rxa5 47. Kxf4
Ra3 48. Be2 Rc3 49. h4 Ra3 50. Ke4 Kc5 51. Bd3 Ra7 52. Kxe3 Rg7 53. h5 Rg3+ 54.
Kf4 Rg8 55. Ke5 Rg5+ 56. Bf5 1-0

[Event "39th Olympiad Women"]
[Site "Khanty-Mansiysk RUS"]
[Date "2010.09.28"]
[Round "7"]
[White "Tania, Sachdev"]
[Black "Zhukova, Natalia"]
[Result "1/2-1/2"]
[WhiteTitle "IM"]
[BlackTitle "GM"]
[WhiteElo "2382"]
[BlackElo "2499"]
[Board "3.2"]
[WhiteTeam "IND"]
[BlackTeam "UKR"]
[WhiteFideId "5007844"]
[BlackFideId "14101513"]
[EventDate "2010.09.21"]
[EventType "team"]

1. d4 d5 2. c4 e6 3. Nf3 Nf6 4. Nc3 dxc4 5. Qa4+ Nbd7 6. Qxc4 a6 7. Bg5 c5 8. e3
b5 9. Qd3 Bb7 10. Be2 h6 11. Bh4 Be7 12. O-O O-O 13. a3 Rc8 14. dxc5 Nxc5 15.
Qxd8 Rfxd8 16. Rad1 g5 17. Bg3 Nd5 18. Nxd5 Bxd5 19. Nd4 Bf6 20. f4 Na4 21. Rd2
Bb7 22. Bh5 Rd7 23. Rdf2 g4 24. Bxg4 Rxd4 25. exd4 Bxd4 26. b3 Nc5 27. Rd1 Nxb3
28. Kf1 Bxf2 29. Bxf2 Rc2 30. Rd8+ Kg7 31. Bd1 Rd2 32. Rxd2 Nxd2+ 33. Kg1 Kf6
34. Bd4+ Kf5 35. Bg7 Nc4 36. Bxh6 Nxa3 37. g4+ Kg6 38. Bf8 Nc4 39. h4 a5 40. h5+
Kh7 41. Bc2+ Kg8 42. Bc5 Nd2 43. Kf2 Be4 44. Ke3 Bxc2 45. Kxd2 Be4 46. Ke3 Bc6
47. Bb6 a4 48. Bc5 Be8 49. g5 Bc6 50. Kd4 Bf3 51. h6 Kh7 52. Ke5 Bh5 1/2-1/2

[Event "39th Olympiad Women"]
[Site "Khanty-Mansiysk RUS"]
[Date "2010.09.28"]
[Round "7"]
[White "Gaponenko, Inna"]
[Black "Karavade, Eesha"]
[Result "1/2-1/2"]
[WhiteTitle "IM"]
[BlackTitle "IM"]
[WhiteElo "2469"]
[BlackElo "2365"]
[Board "3.3"]
[WhiteTeam "UKR"]
[BlackTeam "IND"]
[WhiteFideId "14101181"]
[BlackFideId "5012600"]
[EventDate "2010.09.21"]
[EventType "team"]

1. e4 c5 2. Nf3 d6 3. d4 cxd4 4. Nxd4 Nf6 5. Nc3 a6 6. Be3 e5 7. Nb3 Be6 8. Qd2
Nbd7 9. O-O-O Rc8 10. f4 Be7 11. Kb1 b5 12. f5 Bc4 13. g4 h6 14. Qg2 b4 15. Nd5
Nxd5 16. exd5 Bxf1 17. Rdxf1 a5 18. h4 a4 19. Nc1 Nb6 20. b3 Qc7 21. Bxb6 Qxb6
22. g5 axb3 23. Nxb3 h5 24. f6 gxf6 25. gxf6 Bf8 26. Rf5 Qe3 27. Rh3 Qe1+ 28.
Kb2 Rc4 29. Rh1 Qe3 30. Rh3 Qe1 31. Rh1 Qe3 32. Rh3 Qe1 33. Rg5 Rh6 34. Rh1 Qe3
35. Rh3 Qe1 36. Rh1 Qe3 37. Rh3 Qe1 38. Rh1 1/2-1/2

[Event "39th Olympiad Women"]
[Site "Khanty-Mansiysk RUS"]
[Date "2010.09.28"]
[Round "7"]
[White "Meenakshi, Subbaraman"]
[Black "Muzychuk, Mariya"]
[Result "1/2-1/2"]
[WhiteTitle "WGM"]
[BlackTitle "IM"]
[WhiteElo "2336"]
[BlackElo "2464"]
[Board "3.4"]
[WhiteTeam "IND"]
[BlackTeam "UKR"]
[WhiteFideId "5004381"]
[BlackFideId "14114550"]
[EventDate "2010.09.21"]
[EventType "team"]

1. d4 d6 2. Nf3 f5 3. g3 Nf6 4. Bg2 g6 5. O-O Bg7 6. b3 O-O 7. Bb2 e6 8. c4 Qe7
9. Nc3 c6 10. Ba3 a5 11. Re1 Ne4 12. Nxe4 fxe4 13. Nd2 Bxd4 14. Nxe4 c5 15. Rb1
Ra6 16. e3 Bg7 17. Re2 Rf7 18. Rd2 Bf8 19. h4 e5 20. Ng5 Rg7 21. Bd5+ Kh8 22.
Qf3 h6 23. Ne4 Nc6 24. h5 Nb4 25. Bxb4 axb4 26. Kg2 Bf5 27. hxg6 Bxg6 28. Rh1
Bxe4 29. Qxe4 Qf6 30. Rh5 Rg5 31. Rxg5 hxg5 32. Qg4 Ra8 33. Qh5+ Kg7 34. Be4 Qh6
35. Qg4 Be7 36. Qd7 Qf6 37. Rd1 Rxa2 38. Bf5 Ra8 39. Rh1 Rh8 40. Rxh8 Kxh8 41.
Be4 b6 42. Qh3+ Kg7 43. Qh7+ Kf8 44. Bd5 Ke8 45. Qg8+ Bf8 46. Bc6+ Ke7 47. Bf3
Qg7 48. Qd5 Qf7 49. Qa8 Qe8 50. Qb7+ Kf6 51. Be4 Be7 52. Qxb6 Qc8 53. Qa7 Kf7
54. Qa1 Kg7 55. Qd1 Qe6 56. Qh5 Qf7 57. Qg4 Bd8 58. Qc8 Qf6 59. Qh3 Be7 60. Qh5
Qh6 61. Qe8 Qf6 62. Bd5 Qf8 63. Qd7 Qf6 64. g4 Kf8 65. Be4 Kf7 66. Bf5 Qh6 67.
Be4 Qf6 68. Bd5+ 1/2-1/2

[Event "39th Olympiad Women"]
[Site "Khanty-Mansiysk RUS"]
[Date "2010.09.28"]
[Round "7"]
[White "Cosma, Elena-Luminita"]
[Black "Girya, Olga"]
[Result "1/2-1/2"]
[WhiteTitle "WGM"]
[BlackTitle "WGM"]
[WhiteElo "2360"]
[BlackElo "2414"]
[Board "4.2"]
[WhiteTeam "ROU"]
[BlackTeam "RUS2"]
[WhiteFideId "1201590"]
[BlackFideId "4195752"]
[EventDate "2010.09.21"]
[EventType "team"]

1. d4 d5 2. c4 e6 3. Nf3 Nf6 4. g3 dxc4 5. Bg2 Nc6 6. Qa4 Bb4+ 7. Bd2 Bd6 8.
Qxc4 e5 9. dxe5 Nxe5 10. Nxe5 Bxe5 11. Bc3 Bxc3+ 12. Nxc3 O-O 13. O-O Qe7 14.
Rfd1 c6 15. Qh4 Qe5 16. Qd4 Re8 17. Qxe5 Rxe5 18. Rd8+ Re8 19. Rd2 Be6 20. Rad1
Kf8 21. e4 Ke7 22. f4 Rad8 23. h3 Rxd2 24. Rxd2 Nd7 25. Kf2 f6 26. h4 Nb6 27.
Bf1 Nc4 28. Rd4 Nb6 29. Be2 Rd8 30. Ke3 Rxd4 31. Kxd4 Nd7 32. Bd3 c5+ 33. Ke3 a6
34. b3 b5 35. e5 g6 36. exf6+ Nxf6 37. Ne4 Nxe4 38. Bxe4 Bf5 39. h5 Kf6 40. hxg6
hxg6 41. a4 bxa4 42. bxa4 a5 43. Kd3 Bd7 44. Kc4 1/2-1/2